| Tag |
First Indicator |
Second Indicator |
Subfields |
| LEADER |
00000uam a2200000 a 4500 |
| 001 |
in00004139913 |
| 005 |
20260122211655.3 |
| 006 |
m o d |
| 007 |
cr cn |
| 008 |
080217s2017 xx o eng |
| 020 |
|
|
|z 9781626568679
|
| 020 |
|
|
|z 9781626568655
|
| 020 |
|
|
|z 9781626568686
|
| 035 |
|
|
|a (CaSebORM)9781626568679
|
| 040 |
|
|
|d UtOrBLW
|
| 041 |
0 |
|
|a eng
|
| 100 |
1 |
|
|a Thomas, David,
|e author.
|0 http://id.loc.gov/authorities/names/n78088221
|
| 245 |
1 |
0 |
|a Cultural Intelligence, 3rd Edition /
|c Thomas, David.
|
| 250 |
|
|
|a 3rd edition.
|
| 264 |
|
1 |
|b Berrett-Koehler Publishers,
|c 2017.
|
| 300 |
|
|
|a 1 online resource (216 pages)
|
| 336 |
|
|
|a text
|b txt
|2 rdacontent
|
| 337 |
|
|
|a computer
|b c
|2 rdamedia
|
| 338 |
|
|
|a online resource
|b cr
|2 rdacarrier
|
| 347 |
|
|
|a text file
|
| 520 |
|
|
|a Succeed in Any Culture, in Every Situation In today's global economy, the ability to interact effectively across cultures is a fundamental job requirement for just about everyone. But it's impossible to learn the customs and traits of every single culture. David Thomas and Kerr Inkson present a universal set of techniques and people skills that will allow you to adapt quickly to, and thrive in, any cultural environment. You'll learn to discard your own culturally based assumptions and pay careful attention, in a mindful and creative way, to cues in cross-cultural situations. The authors show how to apply cultural intelligence in a series of specific situations: making decisions; communicating, negotiating, and resolving conflicts; leading and motivating others; and designing, managing, and contributing to multicultural groups and teams. This extensively revised third edition has been updated with new stories showing cultural intelligence in action. Thomas and Inkson have broadened the focus beyond business to include organizations of all kinds-nonprofits, governments, educational institutions, and more. And they include a reliable and valid measure of cultural intelligence based on a decade of research by an international team of scholars.
|
| 533 |
|
|
|a Electronic reproduction.
|b Boston, MA :
|c Safari,
|n Available via World Wide Web.
|d 2017.
|
| 538 |
|
|
|a Mode of access: World Wide Web.
|
| 542 |
|
|
|f Copyright 2017 by David C. Thomas and Kerr Inkson
|g 2017
|
| 588 |
|
|
|a Online resource; Title from title page (viewed March 20, 2017)
|
| 500 |
|
|
|a Electronic resource.
|
| 655 |
|
7 |
|a Electronic books.
|2 local
|
| 700 |
1 |
|
|a Inkson, Kerr,
|e author.
|0 http://id.loc.gov/authorities/names/n80092345
|
| 710 |
2 |
|
|a Safari, an O'Reilly Media Company.
|
| 856 |
4 |
0 |
|u https://proxy.library.tamu.edu/login?url=https://go.oreilly.com/TAMU/library/view/-/9781626568679/?ar
|z Connect to this electronic resource
|t 0
|
| 999 |
f |
f |
|s 960f8ffe-fe60-3b34-8058-0303ec4d3123
|i 2272be2c-7ade-3b9e-a7c4-3ea06e731f1b
|t 0
|
| 952 |
f |
f |
|a Texas A&M University
|b College Station
|c Electronic Resources
|s www_evans
|d Available Online
|t 0
|h No information provided
|
| 998 |
f |
f |
|t 0
|l Available Online
|